[Event "Olomouc Summer op Seniors 20th"]
[Site "Olomouc"]
[Date "2017.08.16"]
[Round "6"]
[White "Klimina, Nina F"]
[Black "Chrenko, Peter"]
[Result "1-0"]
[WhiteElo "1589"]
[BlackElo "1897"]
[PlyCount "57"]
[EventDate "2017.08.12"]
[EventType "swiss"]
[EventRounds "9"]
[EventCountry "CZE"]
[SourceTitle "CBM 180 Extra"]
[Source "ChessBase"]
[SourceDate "2017.10.06"]
[SourceVersion "1"]
[SourceVersionDate "2017.10.06"]
[SourceQuality "1"]

1. e4 d6 2. f4 Nf6 3. Nc3 g6 4. Nf3 Bg7 5. d4 0-0 6. Be3 c6 7. Bd3 Bg4 8. 0-0 Na6 9. a3 Nc7 10. Ne2 a6 11. c3 Rc8 12. e5 Nfd5 13. Bd2 b5 14. Ng3 c5 15. Qe1 Bxf3 16. Rxf3 cxd4 17. cxd4 Ne6 18. Qe4 Nb6 19. f5 Nxd4 20. Qxd4 Bxe5 21. Qg4 Nd5 22. fxg6 Qb6+ 23. Kh1 Qd4 24. gxf7+ Kh8 25. Qh5 Nf6 26. Rxf6 Qxd3 27. Rh6 Rc5 28. Nf5 Qxf5 29. Qxf5 1-0

[Event "Olomouc Seniors op 19th"]
[Site "Olomouc"]
[Date "2016.08.18"]
[Round "7"]
[White "Chrenko, Peter"]
[Black "Young, Melvyn Jack"]
[Result "1-0"]
[WhiteElo "1818"]
[BlackElo "1900"]
[PlyCount "31"]
[EventDate "2016.08.13"]
[EventType "swiss"]
[EventRounds "9"]
[EventCountry "CZE"]
[SourceTitle "CBM 174 Extra"]
[Source "ChessBase"]
[SourceDate "2016.10.10"]
[SourceVersion "1"]
[SourceVersionDate "2016.10.10"]
[SourceQuality "1"]

1. Nf3 f5 2. d3 d6 3. Nc3 e5 4. e4 Nf6 5. exf5 Bxf5 6. d4 Nbd7 7. Bc4 c6 8. 0-0 Qc7 9. dxe5 dxe5 10. Ng5 Be7 11. Bf7+ Kf8 12. Be6 h6 13. Bxf5 hxg5 14. g3 Rd8 15. Qf3 Nb6 16. Bxg5 1-0

[Event "Olomouc Seniors op 19th"]
[Site "Olomouc"]
[Date "2016.08.15"]
[Round "4"]
[White "Vorobyov, Yurij"]
[Black "Chrenko, Peter"]
[Result "0-1"]
[WhiteElo "2160"]
[BlackElo "1818"]
[PlyCount "88"]
[EventDate "2016.08.13"]
[EventType "swiss"]
[EventRounds "9"]
[EventCountry "CZE"]
[SourceTitle "CBM 174 Extra"]
[Source "ChessBase"]
[SourceDate "2016.10.10"]
[SourceVersion "1"]
[SourceVersionDate "2016.10.10"]
[SourceQuality "1"]

1. Nf3 Nf6 2. c4 g6 3. b3 Bg7 4. Bb2 0-0 5. g3 d6 6. d4 Nbd7 7. Bg2 e5 8. dxe5 Ng4 9. Nc3 Ngxe5 10. Nd4 a6 11. 0-0 Rb8 12. h3 Nc5 13. Kh2 Ne6 14. Nc2 g5 15. f4 gxf4 16. gxf4 Ng6 17. e3 Qh4 18. Qe1 Qh6 19. Nd1 Bxb2 20. Nxb2 Nh4 21. Bd5 Ng7 22. Qg3 c6 23. Bh1 f6 24. Nd4 Kh8 25. e4 Rg8 26. Rg1 Bd7 27. Qe3 Rbe8 28. Rad1 c5 29. Ne2 Re5 30. Nd3 Rh5 31. Ng3 Nf3+ 32. Bxf3 Rxh3+ 33. Kg2 Rxg3+ 34. Kf2 Qh2+ 35. Rg2 Rxg2+ 36. Bxg2 Nh5 37. Rg1 Rg3 38. Qd2 Qh4 39. Kf1 Rg4 40. Qf2 Qh2 41. f5 Ng3+ 42. Ke1 Nxe4 43. Qf1 Bxf5 44. Qxf5 Qg3+ 0-1

[Event "Tatry op"]
[Site "Tatranske Zruby"]
[Date "2013.09.30"]
[Round "2"]
[White "Kahancova, Jana"]
[Black "Chrenko, Peter"]
[Result "1/2-1/2"]
[WhiteElo "1653"]
[BlackElo "1843"]
[PlyCount "132"]
[EventDate "2013.09.29"]
[EventType "swiss"]
[EventRounds "9"]
[EventCountry "SVK"]
[SourceTitle "EXT 2023"]
[Source "ChessBase"]
[SourceDate "2022.10.05"]
[SourceVersion "1"]
[SourceVersionDate "2022.10.05"]
[SourceQuality "1"]

1. e4 d6 2. d4 Nf6 3. Nc3 g6 4. Nf3 Bg7 5. Bc4 0-0 6. h3 Nxe4 7. Bxf7+ Rxf7 8. Nxe4 h6 9. c3 Nd7 10. g4 d5 11. Ng3 Qf8 12. Nh4 Rf6 13. 0-0 Qf7 14. f4 Nf8 15. Be3 Bd7 16. Qd3 Rb6 17. Qc2 Qe6 18. Rae1 Qd6 19. Bc1 h5 20. Qd1 c5 21. dxc5 Qxc5+ 22. Be3 d4 23. Bxd4 Bxd4+ 24. cxd4 Qb4 25. b3 Rd8 26. f5 Bb5 27. Ne2 Qd6 28. Nf3 hxg4 29. hxg4 Qf6 30. Ne5 Qh4 31. Rf2 Bxe2 32. Rexe2 Qg3+ 33. Rg2 Qf4 34. Rgf2 Qg3+ 35. Rg2 Qc3 36. Qd2 Qxd4+ 37. Qxd4 Rxd4 38. Nc4 Rb4 39. Rxe7 b5 40. Ne5 Rd1+ 41. Kh2 a5 42. Nc6 Rf4 43. Nxa5 Rff1 44. Re3 g5 45. Kg3 Nd7 46. Nb7 Nf6 47. Nc5 Rf4 48. Ne6 Rxg4+ 49. Kf3 Rxg2 50. Kxg2 Rd2+ 51. Kg3 Nd5 52. Rf3 Rxa2 53. Nxg5 Ne7 54. f6 Ng6 55. f7+ Kf8 56. Ne6+ Ke7 57. f8Q+ Nxf8 58. Nxf8 Kd6 59. Ng6 Rc2 60. Nf4 Kc5 61. Nd3+ Kd4 62. Nb2 Kc5 63. Rf5+ Kb4 64. Nd3+ Kxb3 65. Rxb5+ Kc4 66. Rb4+ Kxd3 1/2-1/2

[Event "Tatry op"]
[Site "Tatranske Zruby"]
[Date "2012.09.27"]
[Round "6"]
[White "Bracok, Stefan"]
[Black "Chrenko, Peter"]
[Result "0-1"]
[WhiteElo "1695"]
[BlackElo "1828"]
[PlyCount "62"]
[EventDate "2012.09.23"]
[EventType "swiss"]
[EventRounds "9"]
[EventCountry "SVK"]
[SourceTitle "EXT 2023"]
[Source "ChessBase"]
[SourceDate "2022.10.05"]
[SourceVersion "1"]
[SourceVersionDate "2022.10.05"]
[SourceQuality "1"]

1. e4 d6 2. d4 Nf6 3. Nc3 g6 4. Nf3 Bg7 5. h3 0-0 6. Bg5 h6 7. Be3 c6 8. Rb1 Qc7 9. Qd2 Kh7 10. Bf4 Nbd7 11. Bd3 Re8 12. Bc4 e5 13. dxe5 Nxe5 14. Nxe5 dxe5 15. Bh2 b5 16. Bd3 Nh5 17. Ne2 Be6 18. g4 Nf4 19. Nxf4 exf4 20. Bxf4 Qe7 21. b3 b4 22. Ke2 Rad8 23. Qe3 Bd4 24. Qg3 Bf6 25. h4 Bg7 26. f3 Qc5 27. e5 Kg8 28. Be3 Qa5 29. f4 Rd7 30. Kf2 Rxd3 31. f5 Bxe5 0-1

[Event "SVK-ch Seniors-A"]
[Site "Tatranske Matliare"]
[Date "2011.05.??"]
[Round "4"]
[White "Mocary, Metod"]
[Black "Chrenko, Peter"]
[Result "1-0"]
[WhiteElo "1996"]
[BlackElo "1895"]
[PlyCount "93"]
[EventDate "2011.05.27"]
[EventType "swiss"]
[EventRounds "9"]
[EventCountry "SVK"]
[SourceTitle "EXT 2023"]
[Source "ChessBase"]
[SourceDate "2022.10.05"]
[SourceVersion "1"]
[SourceVersionDate "2022.10.05"]
[SourceQuality "1"]

1. d4 Nf6 2. Nf3 g6 3. g3 Bg7 4. Bg2 0-0 5. c4 d6 6. Nc3 Nbd7 7. 0-0 e5 8. Bg5 h6 9. Bd2 Re8 10. Qc1 Kh7 11. dxe5 dxe5 12. Rd1 c6 13. Qc2 Qe7 14. a3 Nc5 15. Nh4 Ne6 16. Be3 Ng4 17. Qd2 Nxe3 18. Qxe3 Nd4 19. Rac1 f5 20. b4 Bf6 21. Nf3 Nxf3+ 22. exf3 Be6 23. c5 Qg7 24. Rd6 Bc8 25. Rcd1 Be7 26. R6d2 Be6 27. h4 h5 28. Re1 Bf6 29. Rd6 e4 30. Ne2 Be5 31. Rdd1 exf3 32. Bxf3 Bc7 33. Nf4 Bf7 34. Qc1 Rxe1+ 35. Rxe1 Qf6 36. Nh3 Kg7 37. Ng5 Rd8 38. Nxf7 Qxf7 39. Qg5 Rd7 40. Bxh5 Bd8 41. Bxg6 Qxg6 42. Qf4 Bc7 43. Qe3 Bd8 44. Qe5+ Bf6 45. Qb8 Bd4 46. Re8 Qxg3+ 47. Qxg3+ 1-0

[Event "SVK-ch Seniors-A"]
[Site "Tatranske Matliare"]
[Date "2010.06.06"]
[Round "1"]
[White "Chrenko, Peter"]
[Black "Zalcik, Vaclav"]
[Result "1-0"]
[WhiteElo "1914"]
[BlackElo "1729"]
[PlyCount "37"]
[EventDate "2010.06.06"]
[EventType "swiss"]
[EventRounds "9"]
[EventCountry "SVK"]
[SourceTitle "EXT 2023"]
[Source "ChessBase"]
[SourceDate "2022.10.05"]
[SourceVersion "1"]
[SourceVersionDate "2022.10.05"]
[SourceQuality "1"]

1. Nf3 d5 2. g3 Nf6 3. Bg2 c6 4. 0-0 Bf5 5. d3 e6 6. Nbd2 Nbd7 7. Qe1 Bd6 8. e4 dxe4 9. dxe4 Bg6 10. e5 Be7 11. exf6 Bxf6 12. Ne4 Be7 13. Bf4 0-0 14. c3 Qc8 15. Ne5 Nxe5 16. Bxe5 Rd8 17. Rd1 Rd5 18. Nd6 Rxd1 19. Nxc8 1-0

[Event "SVK-ch Seniors-A"]
[Site "Tatranske Matliare"]
[Date "2010.06.??"]
[Round "4"]
[White "Bakalar, Jan"]
[Black "Chrenko, Peter"]
[Result "1-0"]
[WhiteElo "2094"]
[BlackElo "1914"]
[PlyCount "45"]
[EventDate "2010.06.06"]
[EventType "swiss"]
[EventRounds "9"]
[EventCountry "SVK"]
[SourceTitle "EXT 2023"]
[Source "ChessBase"]
[SourceDate "2022.10.05"]
[SourceVersion "1"]
[SourceVersionDate "2022.10.05"]
[SourceQuality "1"]

1. e4 d6 2. d4 Nf6 3. Nc3 g6 4. g3 Bg7 5. Bg2 0-0 6. Nge2 Nbd7 7. 0-0 e5 8. h3 c6 9. Kh2 a6 10. a4 b6 11. Be3 Re8 12. Qd2 Qc7 13. Rad1 exd4 14. Bxd4 Ne5 15. f4 Nc4 16. Qc1 Bb7 17. b3 Na5 18. f5 Qe7 19. Bxb6 Nh5 20. Bxa5 Be5 21. Rd3 Qh4 22. Nf4 Bxf4 23. Rxf4 1-0

[Event "Piestany Pressburg op"]
[Site "Piestany"]
[Date "2009.11.17"]
[Round "1"]
[White "Chrenko, Peter"]
[Black "Banas, Jan"]
[Result "0-1"]
[WhiteElo "1908"]
[BlackElo "2346"]
[PlyCount "32"]
[EventDate "2009.11.17"]
[EventType "swiss"]
[EventRounds "7"]
[EventCountry "SVK"]
[SourceTitle "CBM 133 Extra"]
[Source "ChessBase"]
[SourceDate "2010.01.05"]
[SourceVersion "1"]
[SourceVersionDate "2010.01.05"]
[SourceQuality "1"]

1. Nf3 g6 2. g3 Bg7 3. Bg2 c5 4. d3 d5 5. Nbd2 Nc6 6. 0-0 e5 7. e4 Nge7 8. exd5 Nxd5 9. Ne4 b6 10. Bg5 f6 11. Bd2 0-0 12. Qc1 Bg4 13. h3 Be6 14. a3 Rc8 15. h4 Nd4 16. Ne1 Ne2+ 0-1

[Event "Tatry op"]
[Site "Tatranske Zruby"]
[Date "2007.09.22"]
[Round "1"]
[White "Pacher, Milan"]
[Black "Chrenko, Peter"]
[Result "1-0"]
[WhiteElo "2255"]
[BlackElo "1892"]
[PlyCount "65"]
[EventDate "2007.09.22"]
[EventType "swiss"]
[EventRounds "9"]
[EventCountry "SVK"]
[SourceTitle "CBM 120 Extra"]
[Source "ChessBase"]
[SourceDate "2007.11.01"]
[SourceVersion "1"]
[SourceVersionDate "2007.11.01"]
[SourceQuality "1"]

1. e4 d6 2. d4 Nf6 3. Nc3 g6 4. Be3 c6 5. h3 Bg7 6. f4 Nbd7 7. e5 Nd5 8. Nxd5 cxd5 9. Nf3 0-0 10. Bd3 b5 11. 0-0 a6 12. Qe1 Nb6 13. b3 Bd7 14. Kh1 Qc8 15. Qh4 f6 16. g4 Be8 17. f5 dxe5 18. dxe5 Nd7 19. e6 Ne5 20. Nxe5 fxe5 21. Qxe7 Bf6 22. Qd6 d4 23. Bh6 Qc6+ 24. Qxc6 Bxc6+ 25. Kg1 Bg7 26. Bxg7 Kxg7 27. Rae1 gxf5 28. Bxf5 e4 29. Bxe4 Rxf1+ 30. Kxf1 Rf8+ 31. Kg2 Bxe4+ 32. Rxe4 Rc8 33. e7 1-0

[Event "Piestany Pressburg op"]
[Site "Piestany"]
[Date "2006.11.18"]
[Round "6"]
[White "Pecha, Tomas"]
[Black "Chrenko, Peter"]
[Result "1-0"]
[WhiteElo "1956"]
[BlackElo "1880"]
[PlyCount "67"]
[EventDate "2006.11.15"]
[EventType "swiss"]
[EventRounds "7"]
[EventCountry "SVK"]
[SourceTitle "EXT 2008"]
[Source "ChessBase"]
[SourceDate "2007.11.25"]
[SourceVersion "1"]
[SourceVersionDate "2007.11.25"]
[SourceQuality "1"]

1. e4 d6 2. d4 Nf6 3. Nc3 g6 4. g3 Bg7 5. Bg2 0-0 6. Nge2 c6 7. a4 a5 8. 0-0 e5 9. h3 Bd7 10. Be3 b5 11. f4 exd4 12. Bxd4 b4 13. Nb1 Na6 14. g4 d5 15. exd5 c5 16. Be5 Qb6 17. Kh1 Rae8 18. Ng3 Nc7 19. Kh2 Rd8 20. Nd2 Qa7 21. d6 Ncd5 22. Nc4 Nb6 23. Nxb6 Qxb6 24. g5 Ne8 25. Bd5 Bc6 26. Ne4 Nc7 27. Bxc6 Qxc6 28. Qf3 Nd5 29. Nf6+ Bxf6 30. gxf6 Rxd6 31. Bxd6 Qxd6 32. Rad1 Rd8 33. Rfe1 g5 34. Rxd5 1-0

[Event "Piestany Pressburg op"]
[Site "Piestany"]
[Date "2006.11.16"]
[Round "2"]
[White "Jurica, Peter"]
[Black "Chrenko, Peter"]
[Result "1-0"]
[WhiteElo "2152"]
[BlackElo "1880"]
[PlyCount "79"]
[EventDate "2006.11.15"]
[EventType "swiss"]
[EventRounds "7"]
[EventCountry "SVK"]
[SourceTitle "EXT 2008"]
[Source "ChessBase"]
[SourceDate "2007.11.25"]
[SourceVersion "1"]
[SourceVersionDate "2007.11.25"]
[SourceQuality "1"]

1. Nf3 Nf6 2. d4 g6 3. g3 Bg7 4. Bg2 0-0 5. 0-0 d6 6. Nbd2 Nbd7 7. e4 e5 8. c3 Nh5 9. Nc4 Qe8 10. a4 h6 11. a5 a6 12. Ne3 Kh7 13. Nd5 Qd8 14. Nh4 c6 15. Ne3 exd4 16. cxd4 Nf4 17. Bf3 Ne6 18. d5 Nd4 19. Bg2 Nc5 20. b4 Ncb3 21. Rb1 Nxc1 22. Rxc1 Bd7 23. Nc4 Qe7 24. Nb6 Rad8 25. Rc4 c5 26. Nxd7 Rxd7 27. bxc5 dxc5 28. f4 Nc6 29. Qa4 Bd4+ 30. Kh1 Na7 31. e5 Rb8 32. Qc2 b5 33. axb6 Rbb7 34. e6 Rd8 35. f5 Qg5 36. fxg6+ fxg6 37. Rxd4 cxd4 38. Rf7+ Kg8 39. Nxg6 d3 40. Qxd3 1-0

[Event "SVK-chT1W 0203"]
[Site "Slovakia"]
[Date "2003.02.09"]
[Round "9.8"]
[White "Chrenko, Peter"]
[Black "Vach, Jozef"]
[Result "1/2-1/2"]
[WhiteElo "2029"]
[BlackElo "1860"]
[PlyCount "39"]
[EventDate "2002.10.12"]
[EventType "team-tourn"]
[EventRounds "11"]
[EventCountry "SVK"]
[SourceTitle "EXT 2005"]
[Source "ChessBase"]
[SourceDate "2004.11.15"]
[SourceVersion "1"]
[SourceVersionDate "2004.11.15"]
[SourceQuality "1"]
[WhiteTeam "Bratislava DP "]
[BlackTeam "Holic"]
[WhiteTeamCountry "SVK"]
[BlackTeamCountry "SVK"]

1. e4 c5 2. Nf3 d6 3. d4 cxd4 4. Nxd4 Nf6 5. Nc3 a6 6. Be2 e5 7. Nb3 Be7 8. 0-0 0-0 9. Be3 Be6 10. Qd2 Nbd7 11. a4 Rc8 12. a5 Qc7 13. Rfd1 Rfd8 14. Qe1 Qc6 15. Bf3 Ra8 16. Rd2 b5 17. axb6 Nxb6 18. Nd5 Bxd5 19. exd5 Qc7 20. Na5 1/2-1/2

[Event "SVK-chT2W 0102"]
[Site "Slovakia"]
[Date "2002.03.16"]
[Round "10.8"]
[White "Chrenko, Peter"]
[Black "Federic, Jozef"]
[Result "1/2-1/2"]
[WhiteElo "2029"]
[BlackElo "1789"]
[PlyCount "122"]
[EventDate "2001.10.??"]
[EventType "team"]
[EventRounds "11"]
[EventCountry "SVK"]
[SourceTitle "EXT 2006"]
[Source "ChessBase"]
[SourceDate "2005.11.24"]
[SourceVersion "1"]
[SourceVersionDate "2005.11.24"]
[SourceQuality "1"]

1. Nf3 Nf6 2. g3 g6 3. Bg2 Bg7 4. 0-0 0-0 5. d3 d5 6. Nbd2 c5 7. e4 Bg4 8. h3 Bxf3 9. Qxf3 e6 10. exd5 exd5 11. Nb3 Nbd7 12. Bf4 Rc8 13. c4 Nb6 14. Rad1 Nh5 15. Bc1 Qf6 16. cxd5 Qxf3 17. Bxf3 Rfd8 18. d6 Rxd6 19. g4 Nf6 20. Bxb7 Rcd8 21. Nxc5 Nbd7 22. Ne4 Nxe4 23. dxe4 Nc5 24. Rxd6 Rxd6 25. Bd5 Na4 26. Bf4 Rd8 27. Bg5 Rd6 28. Rc1 h6 29. Rc8+ Kh7 30. Bf4 Rd7 31. Rc7 Rxc7 32. Bxc7 Kg8 33. b4 Bf8 34. a3 Bg7 35. Bb3 Nc3 36. e5 Nb5 37. Bb8 Nxa3 38. f4 Bf8 39. Bxa7 Bxb4 40. Kg2 Nb5 41. Be3 Nc7 42. h4 Be7 43. Kh3 Bf8 44. f5 Kg7 45. Bc4 f6 46. exf6+ Kxf6 47. Bd4+ Ke7 48. Bc5+ Ke8 49. Bxf8 Kxf8 50. fxg6 Kg7 51. Bf7 Nb5 52. Kg3 Kf6 53. Kf4 Nd6 54. g5+ hxg5+ 55. hxg5+ Kg7 56. Ke5 Nxf7+ 57. gxf7 Kxf7 58. Kf5 Kg7 59. g6 Kg8 60. Kg4 Kg7 61. Kg5 Kg8 1/2-1/2

[Event "SVK-chT3A 0001"]
[Site "Slovakia"]
[Date "2000.??.??"]
[Round "6"]
[White "Rezak, Milan"]
[Black "Chrenko, Peter"]
[Result "1-0"]
[WhiteElo "2066"]
[BlackElo "2081"]
[PlyCount "59"]
[EventDate "2000.??.??"]
[EventType "team"]
[EventRounds "9"]
[EventCountry "SVK"]
[SourceTitle "EXT 2002"]
[Source "ChessBase"]
[SourceDate "2001.11.25"]
[SourceVersion "1"]
[SourceVersionDate "2001.11.25"]
[SourceQuality "1"]

1. e4 d6 2. d4 Nf6 3. Nc3 g6 4. Nf3 Bg7 5. Be2 0-0 6. 0-0 Nbd7 7. e5 Ne8 8. Bf4 Nb6 9. a4 a5 10. Re1 Bg4 11. h3 Bxf3 12. Bxf3 d5 13. b3 c6 14. Qd2 Nc7 15. Bg4 h5 16. Bf3 Ne6 17. Be3 f5 18. Ne2 Qe8 19. Nf4 Qf7 20. Nxe6 Qxe6 21. Rac1 Rf7 22. Be2 Raf8 23. f4 Ra8 24. c4 Kh7 25. c5 Nd7 26. b4 axb4 27. Qxb4 Bh6 28. Ra1 h4 29. Qxb7 Rg7 30. Qxa8 1-0

[Event "Tatry op"]
[Site "Tatranska Lomnica"]
[Date "1999.10.09"]
[Round "8"]
[White "Lastovicka, Jiri"]
[Black "Chrenko, Peter"]
[Result "1/2-1/2"]
[WhiteElo "2222"]
[BlackElo "2042"]
[PlyCount "20"]
[EventDate "1999.10.02"]
[EventType "swiss"]
[EventRounds "9"]
[EventCountry "SVK"]
[SourceTitle "EXT 2000"]
[Source "ChessBase"]
[SourceDate "1999.11.16"]
[SourceVersion "1"]
[SourceVersionDate "1999.11.16"]
[SourceQuality "1"]

1. Nf3 Nf6 2. g3 g6 3. Bg2 Bg7 4. 0-0 0-0 5. d3 d6 6. e4 e5 7. h3 c6 8. Re1 Nbd7 9. Nbd2 Nc5 10. Nc4 Qc7 1/2-1/2

[Event "Tatry op"]
[Site "Tatranska Lomnica"]
[Date "1999.10.08"]
[Round "7"]
[White "Chrenko, Peter"]
[Black "Skreno, Vladimir"]
[Result "1-0"]
[WhiteElo "2042"]
[BlackElo "2165"]
[PlyCount "57"]
[EventDate "1999.10.02"]
[EventType "swiss"]
[EventRounds "9"]
[EventCountry "SVK"]
[SourceTitle "EXT 2000"]
[Source "ChessBase"]
[SourceDate "1999.11.16"]
[SourceVersion "1"]
[SourceVersionDate "1999.11.16"]
[SourceQuality "1"]

1. Nf3 g6 2. g3 Bg7 3. Bg2 d6 4. 0-0 c6 5. d3 Nf6 6. e4 0-0 7. Nbd2 e5 8. a4 a5 9. c3 Qc7 10. Re1 h6 11. Nh4 Be6 12. f4 Qb6+ 13. Kh1 Ng4 14. Re2 Nf2+ 15. Rxf2 Qxf2 16. f5 gxf5 17. exf5 Bxf5 18. Nc4 Bg4 19. Nf3 e4 20. dxe4 Qc5 21. Ne3 Be6 22. Nh4 Nd7 23. Nef5 Bxf5 24. Nxf5 Nf6 25. Be3 Qe5 26. Bd4 Qe6 27. Nxg7 Kxg7 28. Qf3 c5 29. Bh3 1-0

[Event "Tatry op"]
[Site "Tatranska Lomnica"]
[Date "1999.10.02"]
[Round "1"]
[White "Chrenko, Peter"]
[Black "Krupkova, Petra"]
[Result "1/2-1/2"]
[WhiteElo "2042"]
[BlackElo "2334"]
[PlyCount "69"]
[EventDate "1999.10.02"]
[EventType "swiss"]
[EventRounds "9"]
[EventCountry "SVK"]
[SourceTitle "EXT 2000"]
[Source "ChessBase"]
[SourceDate "1999.11.16"]
[SourceVersion "1"]
[SourceVersionDate "1999.11.16"]
[SourceQuality "1"]

1. Nf3 Nf6 2. g3 g6 3. Bg2 Bg7 4. 0-0 0-0 5. d3 c5 6. e4 d6 7. Nbd2 Nc6 8. Re1 e5 9. Nc4 b5 10. Ne3 Rb8 11. c3 b4 12. Bd2 h6 13. Nh4 Kh7 14. Rf1 a5 15. f4 exf4 16. gxf4 Ne8 17. Nf3 Ba6 18. Be1 Nc7 19. Bh3 d5 20. Bh4 f6 21. e5 Qe8 22. Re1 fxe5 23. Nxe5 Nxe5 24. fxe5 h5 25. d4 bxc3 26. bxc3 cxd4 27. cxd4 Bc8 28. Bg2 Be6 29. Rc1 Qd7 30. Kh1 Rb2 31. Rc2 Rxc2 32. Qxc2 Rf4 33. Bf2 Rxd4 34. Bf3 Rf4 35. Bxh5 1/2-1/2

[Event "Tatry op"]
[Site "Tatranska Lomnica"]
[Date "1998.??.??"]
[Round "3"]
[White "Dobrotka, Martin"]
[Black "Chrenko, Peter"]
[Result "1-0"]
[WhiteElo "2225"]
[BlackElo "2065"]
[PlyCount "91"]
[EventDate "1998.??.??"]
[EventType "swiss"]
[EventRounds "9"]
[EventCountry "SVK"]
[SourceTitle "EXT 2000"]
[Source "ChessBase"]
[SourceDate "1999.11.16"]
[SourceVersion "1"]
[SourceVersionDate "1999.11.16"]
[SourceQuality "1"]

1. d4 Nf6 2. Nf3 d6 3. c4 g6 4. Nc3 Nbd7 5. g3 Bg7 6. Bg2 0-0 7. 0-0 e5 8. b3 Re8 9. e3 Ng4 10. h3 Nh6 11. Bb2 e4 12. Nd2 f5 13. b4 Nf7 14. a4 h5 15. a5 c6 16. b5 Nf6 17. Qa4 cxb5 18. Qxb5 Bd7 19. Qb3 Bc6 20. d5 Bd7 21. Ne2 Rb8 22. Bd4 b6 23. Rfb1 Ne5 24. axb6 axb6 25. Bxb6 Qe7 26. Ra7 Nd3 27. Qa2 h4 28. Nf4 hxg3 29. fxg3 Nxf4 30. gxf4 Nh5 31. Nf1 Nxf4 32. c5 Nxg2 33. Qxg2 dxc5 34. Qxg6 Rf8 35. Bxc5 Qxc5 36. Rxd7 Qc3 37. Rxb8 Rxb8 38. Qxf5 Rf8 39. Qe6+ Kh8 40. Rf7 Rg8 41. Qxe4 Qe1 42. Kh1 Rd8 43. Qg4 Qa1 44. Rf5 Kg8 45. Qg6 Ra8 46. Qf7+ 1-0